000 00798nam a2200253Ia 4500
003 GCL
008 140319s9999 xx 000 0 ara d
040 _aGCL /
_cGCL
082 0 4 _a810.97
_bش ع
100 1 _aشوقى ضيف
245 1 0 _aعصر الدول والامارات: ليبيا ـ تونس ـ صقلية /
_cشوقى ضيف
260 _aالقاهرة :
_bدار المعارف ،
_c1992
300 _a446 ص ؛
_c22 سم
490 _aتاريخ الادب العربى
_v9
650 0 4 _aالادب العربى
650 0 4 _aتونس
650 0 4 _aالنثر العربى
650 0 4 _aليبيا
650 0 4 _aالشعر العربى - تاريخ ونقد
650 0 4 _aصقلية
650 0 4 _aتاريخ ونقد
650 0 4 _aالمجموعات
942 _2ddc
_cBK
999 _c28606
_d28606